[Event "Spilimbergo op 21st"]
[Site "Spilimbergo"]
[Date "2023.08.09"]
[Round "1"]
[White "Sonis, Francesco"]
[Black "De Francesco, Klaus"]
[Result "1-0"]
[WhiteElo "2564"]
[BlackElo "2168"]
[PlyCount "157"]
[EventDate "2023.08.09"]
[EventType "swiss"]
[EventRounds "9"]
[EventCountry "ITA"]
[SourceTitle "CBM 215 Extra"]
[Source "ChessBase"]
[SourceDate "2023.09.30"]
[SourceVersion "1"]
[SourceVersionDate "2023.09.30"]
[SourceQuality "1"]

1. d4 Nf6 2. c4 e6 3. Nf3 b6 4. g3 Bb4+ 5. Bd2 Bxd2+ 6. Qxd2 Bb7 7. Bg2 0-0 8. 0-0 d6 9. Qc2 Nbd7 10. Nc3 a6 11. Rfd1 Qe7 12. e4 Rab8 13. Nd2 c5 14. Nf1 cxd4 15. Rxd4 Rfc8 16. Rad1 Ne8 17. Qe2 Rc7 18. Ne3 Rbc8 19. f4 Nb8 20. R4d2 Nc6 21. Na4 b5 22. cxb5 axb5 23. Qxb5 Ra8 24. Nc3 Ba6 25. Qh5 Rb8 26. Qf3 Na5 27. Qf2 Nc4 28. Nxc4 Bxc4 29. Qe3 h6 30. b3 Ba6 31. Na4 Qd8 32. Bf1 Bxf1 33. Kxf1 Qc8 34. Nb6 Qb7 35. Nc4 d5 36. exd5 exd5 37. Rxd5 Nf6 38. Rd8+ Rxd8 39. Rxd8+ Kh7 40. Kg1 Re7 41. Ne5 g6 42. Qd4 Qc7 43. Rd6 Qc1+ 44. Kg2 Qc2+ 45. Qd2 Qe4+ 46. Kg1 Ne8 47. Rd3 Ng7 48. Re3 Qb7 49. Ng4 Qa7 50. Kg2 Qb7+ 51. Kf2 Rxe3 52. Nxe3 Qh1 53. Nf1 Ne6 54. Qc3 Qe4 55. Nd2 Qa8 56. a4 Qa7+ 57. Qe3 Qa5 58. Ne4 Qb4 59. Nf6+ Kg7 60. Nd5 Qa3 61. Qc3+ Kg8 62. Nb4 h5 63. Ke3 h4 64. g4 g5 65. fxg5 Nxg5 66. Kf4 Ne6+ 67. Ke5 Nc7 68. Kf5 h3 69. g5 Ne8 70. g6 Nd6+ 71. Ke5 Ne8 72. gxf7+ Kxf7 73. Kf4 Nd6 74. Kg4 Ke6 75. Kxh3 Ne4 76. Qc8+ Ke5 77. Qe8+ Kf5 78. Qd7+ Ke5 79. Nd3+ 1-0

[Event "EU-Cup 37th"]
[Site "Mayrhofen"]
[Date "2022.10.04"]
[Round "2.6"]
[White "Bernadskiy, Vitaliy"]
[Black "De Francesco, Klaus"]
[Result "1-0"]
[WhiteElo "2570"]
[BlackElo "2197"]
[PlyCount "69"]
[EventDate "2022.10.03"]
[EventType "team-swiss"]
[EventRounds "7"]
[EventCountry "AUT"]
[SourceTitle "CBM 210 Extra"]
[Source "ChessBase"]
[SourceDate "2022.11.30"]
[SourceVersion "1"]
[SourceVersionDate "2022.11.30"]
[SourceQuality "1"]
[WhiteTeam "Silla Valencia"]
[BlackTeam "Absam "]
[WhiteTeamCountry "ESP"]
[BlackTeamCountry "AUT"]

1. c4 e6 2. Nc3 d5 3. d4 Nf6 4. cxd5 exd5 5. Bg5 Be7 6. e3 c6 7. Bd3 Nbd7 8. Nf3 Nh5 9. Bxe7 Qxe7 10. 0-0 g6 11. Rb1 a5 12. a3 0-0 13. b4 axb4 14. axb4 Nb6 15. Qc2 Ng7 16. Rfe1 Bf5 17. e4 dxe4 18. Bxe4 Qd6 19. Bxf5 Nxf5 20. Ne4 Qd8 21. b5 Rc8 22. bxc6 bxc6 23. Ne5 Nd5 24. Qc5 Nf4 25. Nxc6 Qh4 26. d5 Rfe8 27. f3 Nd3 28. Qc3 Nxe1 29. Nf6+ Kf8 30. Nxe8 Nxf3+ 31. gxf3 Rxc6 32. Qh8+ Ke7 33. Qe5+ Kf8 34. dxc6 Qg5+ 35. Kh1 1-0

[Event "Tirol Landesliga 2223"]
[Site "Austria"]
[Date "2022.10.01"]
[Round "1.2"]
[White "De Francesco, Klaus"]
[Black "Kroell, Johannes"]
[Result "1-0"]
[WhiteElo "2197"]
[BlackElo "2166"]
[PlyCount "53"]
[EventDate "2022.10.01"]
[EventType "team-tourn"]
[EventRounds "9"]
[EventCountry "AUT"]
[SourceTitle "EXT 2024"]
[Source "ChessBase"]
[SourceDate "2023.10.10"]
[SourceVersion "1"]
[SourceVersionDate "2023.10.10"]
[SourceQuality "1"]
[WhiteTeam "Absam"]
[BlackTeam "Reutte"]
[WhiteTeamCountry "AUT"]
[BlackTeamCountry "AUT"]

1. d4 b5 2. e4 e6 3. Bxb5 Bb7 4. Bd3 f5 5. Qe2 Nf6 6. Nd2 c5 7. dxc5 Bxc5 8. Ngf3 0-0 9. 0-0 Nc6 10. exf5 Qc7 11. fxe6 Rae8 12. Ne4 Ng4 13. g3 Rxf3 14. Qxf3 Nce5 15. Qe2 Rf8 16. Bf4 Rxf4 17. gxf4 Nxd3 18. Qxg4 Nxf4 19. Rae1 h5 20. Nf6+ Kh8 21. Nxh5 Nxe6 22. Rxe6 dxe6 23. Rd1 Bd5 24. Nf4 Qf7 25. c4 Bxc4 26. Rd8+ Bf8 27. Rxf8+ 1-0

[Event "AUT-chT2W 2223"]
[Site "Austria"]
[Date "2022.09.25"]
[Round "3.6"]
[White "Praxmarer, Christian"]
[Black "De Francesco, Klaus"]
[Result "1/2-1/2"]
[WhiteElo "1965"]
[BlackElo "2180"]
[PlyCount "77"]
[EventDate "2022.09.23"]
[EventType "team-tourn"]
[EventRounds "11"]
[EventCountry "AUT"]
[SourceTitle "CBM 210 Extra"]
[Source "ChessBase"]
[SourceDate "2022.11.30"]
[SourceVersion "1"]
[SourceVersionDate "2022.11.30"]
[SourceQuality "1"]
[WhiteTeam "Pradl"]
[BlackTeam "Absam"]
[WhiteTeamCountry "AUT"]
[BlackTeamCountry "AUT"]

1. f4 d5 2. Nf3 Nf6 3. g3 c6 4. Bg2 Qb6 5. e3 Bg4 6. 0-0 Nbd7 7. a4 a5 8. Qe1 Bxf3 9. Bxf3 g6 10. b3 Bg7 11. Bb2 0-0 12. d3 Rfe8 13. Qf2 e5 14. fxe5 Nxe5 15. Bd4 Qc7 16. Nd2 Nfg4 17. Bxe5 Nxe5 18. Rae1 Re7 19. e4 Nxf3+ 20. Qxf3 Bc3 21. Re2 Rae8 22. Qf4 Qxf4 23. Rxf4 Bxd2 24. Rxd2 dxe4 25. dxe4 Rxe4 26. Rxe4 Rxe4 27. Kf2 Re7 28. Rd8+ Kg7 29. Ra8 Re5 30. Ra7 b6 31. Ra6 Rf5+ 32. Ke3 Re5+ 33. Kf2 Rh5 34. h4 Rf5+ 35. Ke3 Re5+ 36. Kf3 Rf5+ 37. Ke3 Re5+ 38. Kf3 Rf5+ 39. Ke3 1/2-1/2

[Event "AUT-chT2W 2223"]
[Site "Austria"]
[Date "2022.09.24"]
[Round "2.6"]
[White "De Francesco, Klaus"]
[Black "Tabernig, Bernhard"]
[Result "1-0"]
[WhiteElo "2180"]
[BlackElo "2311"]
[PlyCount "128"]
[EventDate "2022.09.23"]
[EventType "team-tourn"]
[EventRounds "11"]
[EventCountry "AUT"]
[SourceTitle "CBM 210 Extra"]
[Source "ChessBase"]
[SourceDate "2022.11.30"]
[SourceVersion "1"]
[SourceVersionDate "2022.11.30"]
[SourceQuality "1"]
[WhiteTeam "Absam"]
[BlackTeam "Mayrhofen/Zillertal"]
[WhiteTeamCountry "AUT"]
[BlackTeamCountry "AUT"]

1. e4 e6 2. d4 d5 3. Nc3 Nf6 4. e5 Nfd7 5. f4 c5 6. Nf3 Nc6 7. Be3 Be7 8. Qd2 b6 9. Be2 0-0 10. h4 cxd4 11. Nxd4 Nxd4 12. Bxd4 f5 13. exf6 Bxf6 14. 0-0-0 Bxd4 15. Qxd4 Qf6 16. Bf3 Kh8 17. Rhe1 a6 18. Bg4 Nc5 19. Qxf6 gxf6 20. f5 e5 21. Nxd5 Rb8 22. Nc3 Bb7 23. b4 Rg8 24. Bh3 Rg3 25. Ne2 Rxh3 26. gxh3 Ne4 27. Rd7 Bc6 28. Rc7 Be8 29. Nc3 Nxc3 30. Rxc3 Bd7 31. Rc7 Bxf5 32. Rf1 Bg6 33. Rxf6 e4 34. Kd2 a5 35. b5 a4 36. Ke3 Kg8 37. Rcc6 Kg7 38. Rxb6 Rd8 39. Rbd6 Rc8 40. Rc6 Rd8 41. Rxg6+ hxg6 42. b6 Rd1 43. c4 Rb1 44. c5 Rb4 45. Re6 Kf7 46. Rxe4 Rb5 47. Rxa4 Ke6 48. Rg4 Rxc5 49. Rxg6+ Kd7 50. b7 Kc7 51. Rb6 Kb8 52. Rb4 Rc3+ 53. Kf4 Rxh3 54. Kg4 Ra3 55. h5 Rxa2 56. h6 Rd2 57. Rb5 Rg2+ 58. Kh5 Rd2 59. h7 Rd8 60. Kg6 Rd6+ 61. Kh5 Rd8 62. Rg5 Kxb7 63. Rg8 Rd5+ 64. Kg4 Rd4+ 1-0

[Event "Spilimbergo op 20th"]
[Site "Spilimbergo"]
[Date "2022.08.09"]
[Round "1"]
[White "Doric, Darko"]
[Black "De Francesco, Klaus"]
[Result "1-0"]
[WhiteElo "2473"]
[BlackElo "2183"]
[PlyCount "73"]
[EventDate "2022.08.09"]
[EventType "swiss"]
[EventRounds "9"]
[EventCountry "ITA"]
[SourceTitle "CBM 209 Extra"]
[Source "ChessBase"]
[SourceDate "2022.09.30"]
[SourceVersion "1"]
[SourceVersionDate "2022.09.30"]
[SourceQuality "1"]

1. d4 d5 2. c4 c6 3. Nf3 Nf6 4. e3 a6 5. Bd3 g6 6. 0-0 Bg7 7. Nbd2 0-0 8. Qc2 Nbd7 9. b3 c5 10. Bb2 b6 11. Rac1 Bb7 12. a3 Rc8 13. Qb1 dxc4 14. bxc4 cxd4 15. exd4 Qc7 16. Rfe1 Rfe8 17. Re2 Nh5 18. Rce1 Nf8 19. g3 Ne6 20. Be4 Rcd8 21. Bxb7 Qxb7 22. d5 Nc5 23. Bxg7 Nxg7 24. Nd4 e6 25. Nc6 Ra8 26. Ne4 Nxe4 27. Rxe4 b5 28. a4 exd5 29. Ne7+ Kh8 30. cxd5 Qd7 31. axb5 axb5 32. Qb2 h5 33. Qf6 Rf8 34. Re5 Kh7 35. Rg5 Rae8 36. Rxg6 Nf5 37. Rg5 1-0

[Event "AUT-chT 2122"]
[Site "Austria"]
[Date "2022.04.22"]
[Round "10.3"]
[White "De Francesco, Klaus"]
[Black "Janzelj, Tim"]
[Result "1/2-1/2"]
[WhiteElo "2178"]
[BlackElo "2474"]
[PlyCount "148"]
[EventDate "2021.11.04"]
[EventType "team-tourn"]
[EventRounds "11"]
[EventCountry "AUT"]
[SourceTitle "EXT 2023"]
[Source "ChessBase"]
[SourceDate "2022.10.05"]
[SourceVersion "1"]
[SourceVersionDate "2022.10.05"]
[SourceQuality "1"]
[WhiteTeam "Absam"]
[BlackTeam "Raika Feffernitz"]
[WhiteTeamCountry "AUT"]
[BlackTeamCountry "AUT"]

1. d4 d6 2. c4 g6 3. e4 Bg7 4. Nc3 Nc6 5. Nge2 e5 6. d5 Nce7 7. Ng3 h5 8. Bd3 h4 9. Nge2 Bh6 10. Bxh6 Nxh6 11. h3 f5 12. Qd2 f4 13. 0-0-0 g5 14. g3 Ng6 15. gxf4 gxf4 16. Bc2 Bd7 17. Ba4 Bxa4 18. Nxa4 Qd7 19. Qb4 b6 20. Qb5 a6 21. Qxd7+ Kxd7 22. Nac3 Rag8 23. Ng1 Ne7 24. Nf3 Rg2 25. Rdf1 Nf7 26. Rhg1 Rhg8 27. Ne2 c5 28. a4 Ke8 29. Kd1 Kf8 30. Ke1 Ng5 31. Nxg5 R8xg5 32. Rxg2 Rxg2 33. Rh1 Ng8 34. Kf1 Rg7 35. f3 Nf6 36. Rg1 Rxg1+ 37. Kxg1 Ke7 38. Kf2 Kd7 39. Nc3 Kc7 40. Ke2 Nh7 41. Kf2 Ng5 42. Kg2 Kb7 43. b3 Nh7 44. Kf2 Nf6 45. Ke2 Ne8 46. Kd3 Nc7 47. Nd1 Ne8 48. Nf2 Nf6 49. Ng4 Nh7 50. Nh6 Ng5 51. Ke2 Nxh3 52. Nf5 Ng5 53. Nxh4 b5 54. axb5 axb5 55. Nf5 Nf7 56. Ne7 Kb6 57. Nc6 Nh8 58. Kf2 Ng6 59. Kg2 Nh4+ 60. Kf2 Ng6 61. Kg2 Nf8 62. Kh3 bxc4 63. bxc4 Nd7 64. Kg4 Ka6 65. Kf5 Nb6 66. Nxe5 dxe5 67. Kxe5 Nxc4+ 68. Kxf4 Nb6 69. d6 Kb5 70. e5 Kc6 71. Ke4 Nc4 72. d7 Kxd7 73. Kd5 Nxe5 74. Kxc5 Nxf3 1/2-1/2

[Event "AUT-chT 2122"]
[Site "Austria"]
[Date "2022.03.26"]
[Round "7.6"]
[White "De Francesco, Klaus"]
[Black "Mazi, Leon"]
[Result "1/2-1/2"]
[WhiteElo "2178"]
[BlackElo "2346"]
[PlyCount "63"]
[EventDate "2021.11.04"]
[EventType "team-tourn"]
[EventRounds "11"]
[EventCountry "AUT"]
[SourceTitle "EXT 2023"]
[Source "ChessBase"]
[SourceDate "2022.10.05"]
[SourceVersion "1"]
[SourceVersionDate "2022.10.05"]
[SourceQuality "1"]
[WhiteTeam "Absam"]
[BlackTeam "St Veit"]
[WhiteTeamCountry "AUT"]
[BlackTeamCountry "AUT"]

1. d4 d5 2. Bf4 e6 3. e3 c5 4. c3 Qb6 5. Qb3 Nf6 6. Nd2 Be7 7. h3 0-0 8. Ngf3 Nc6 9. Be2 Bd7 10. 0-0 Rfc8 11. Rfe1 Be8 12. Bf1 Qxb3 13. Nxb3 c4 14. Nbd2 b5 15. e4 a5 16. g4 Bf8 17. g5 Nxe4 18. Nxe4 dxe4 19. Rxe4 Ne7 20. Bg2 Bc6 21. Ree1 Ra6 22. a3 Bd5 23. Ne5 Bxg2 24. Kxg2 Nd5 25. Bd2 Bd6 26. Kf3 Ra7 27. Ng4 Rd7 28. h4 Kf8 29. h5 Ke7 30. Ne3 Nb6 31. Rad1 Bb8 32. Kg4 1/2-1/2

[Event "AUT-chT 2122"]
[Site "Austria"]
[Date "2022.03.24"]
[Round "5.6"]
[White "Richter, Nils"]
[Black "De Francesco, Klaus"]
[Result "1/2-1/2"]
[WhiteElo "2275"]
[BlackElo "2178"]
[PlyCount "63"]
[EventDate "2021.11.04"]
[EventType "team-tourn"]
[EventRounds "11"]
[EventCountry "AUT"]
[SourceTitle "EXT 2023"]
[Source "ChessBase"]
[SourceDate "2022.10.05"]
[SourceVersion "1"]
[SourceVersionDate "2022.10.05"]
[SourceQuality "1"]
[WhiteTeam "Goetzis"]
[BlackTeam "Absam"]
[WhiteTeamCountry "AUT"]
[BlackTeamCountry "AUT"]

1. d4 Nf6 2. c4 e6 3. g3 d5 4. Bg2 Bb4+ 5. Nd2 0-0 6. Ngf3 b6 7. 0-0 Bb7 8. a3 Be7 9. cxd5 exd5 10. Nb1 Nbd7 11. Nc3 c5 12. Bf4 a6 13. Rc1 Rc8 14. e3 h6 15. h4 c4 16. Ne5 Nxe5 17. dxe5 Ne4 18. h5 Nxc3 19. Rxc3 Qd7 20. Rc2 Qe6 21. Kh2 Rcd8 22. Rd2 b5 23. Bh3 Qb6 24. Bf5 Qc6 25. Rg1 g6 26. Qg4 g5 27. e6 Bc8 28. exf7+ Rxf7 29. Bxc8 Qxc8 30. Qxc8 Rxc8 31. Be5 Bf6 32. Bxf6 1/2-1/2

[Event "Oberliga Bayern 2122"]
[Site "Bayern"]
[Date "2022.03.13"]
[Round "6.3"]
[White "Kabatianski, Alexander"]
[Black "De Francesco, Klaus"]
[Result "1-0"]
[WhiteElo "2301"]
[BlackElo "2190"]
[PlyCount "95"]
[EventDate "2021.10.24"]
[EventType "team-tourn"]
[EventRounds "9"]
[EventCountry "GER"]
[SourceTitle "EXT 2024"]
[Source "ChessBase"]
[SourceDate "2023.10.10"]
[SourceVersion "1"]
[SourceVersionDate "2023.10.10"]
[SourceQuality "1"]
[WhiteTeam "Nuernberg NT"]
[BlackTeam "Weilheim"]
[WhiteTeamCountry "GER"]
[BlackTeamCountry "GER"]

1. Nf3 Nf6 2. c4 e6 3. g3 d5 4. Bg2 d4 5. 0-0 c5 6. e3 Nc6 7. exd4 cxd4 8. d3 Be7 9. Re1 Nd7 10. Nbd2 0-0 11. a3 a5 12. Qc2 a4 13. b4 axb3 14. Nxb3 Nc5 15. Bb2 Na4 16. Nbxd4 Nxb2 17. Nxc6 bxc6 18. Qxb2 Bf6 19. Ne5 Qc7 20. d4 Rb8 21. Qc3 c5 22. d5 Re8 23. f4 Ba6 24. Rad1 exd5 25. Bxd5 Bb7 26. Qf3 Bxd5 27. Rxd5 Qa5 28. Re2 h6 29. Kg2 Qa4 30. Rxc5 Rb3 31. Qd5 Bxe5 32. Ra5 Bb8 33. Rxa4 Rxe2+ 34. Kh3 Rbb2 35. Rb4 Rxh2+ 36. Kg4 h5+ 37. Kf5 Bc7 38. Rxb2 Rxb2 39. Qc6 g6+ 40. Ke4 Bb8 41. c5 Kg7 42. Qa4 Re2+ 43. Kf3 Rd2 44. Qb4 Rd3+ 45. Ke4 Rd8 46. Qb7 Re8+ 47. Kf3 h4 48. gxh4 1-0

[Event "AUT-chT 2122"]
[Site "Austria"]
[Date "2021.11.04"]
[Round "1.6"]
[White "De Francesco, Klaus"]
[Black "Freitag, Manfred"]
[Result "1/2-1/2"]
[WhiteElo "2178"]
[BlackElo "2364"]
[PlyCount "93"]
[EventDate "2021.11.04"]
[EventType "team-tourn"]
[EventRounds "11"]
[EventCountry "AUT"]
[SourceTitle "CBM 205 Extra"]
[Source "ChessBase"]
[SourceDate "2022.01.31"]
[SourceVersion "1"]
[SourceVersionDate "2022.01.31"]
[SourceQuality "1"]
[WhiteTeam "Absam"]
[BlackTeam "Fuerstenfeld/Hartberg"]
[WhiteTeamCountry "AUT"]
[BlackTeamCountry "AUT"]

1. d4 Nf6 2. Bg5 d5 3. e3 c5 4. Bxf6 gxf6 5. Nc3 e6 6. Qh5 cxd4 7. exd4 Nc6 8. Nf3 Bb4 9. Bb5 Bd7 10. 0-0 Bxc3 11. bxc3 Na5 12. Bd3 Qe7 13. Rfe1 0-0-0 14. Qxd5 exd5 15. Rxe7 Be6 16. Rb1 Kb8 17. Ba6 Rhe8 18. Rxe8 Rxe8 19. Bd3 h6 20. Nh4 Rc8 21. f4 Rxc3 22. f5 Bd7 23. g4 Ba4 24. Re1 Nc6 25. Re8+ Kc7 26. Rf8 Nd8 27. Rh8 Bxc2 28. Bxc2 Rxc2 29. Rxh6 Rxa2 30. Rxf6 Re2 31. g5 a5 32. g6 fxg6 33. fxg6 Ne6 34. g7 Nxg7 35. Rf7+ Kc6 36. Rxg7 a4 37. Rg3 Kb5 38. Nf5 Ka5 39. Ne3 b5 40. Nxd5 Re6 41. Nc3 Rd6 42. Rg5 Rb6 43. Kf2 a3 44. Ke3 Ka6 45. Kd3 Rh6 46. Rxb5 a2 47. Rb8 1/2-1/2

[Event "AUT-chT2W 1920"]
[Site "Austria"]
[Date "2019.11.23"]
[Round "4.5"]
[White "De Francesco, Klaus"]
[Black "Ljubic, Juro"]
[Result "1/2-1/2"]
[WhiteElo "2276"]
[BlackElo "2162"]
[PlyCount "139"]
[EventDate "2019.10.04"]
[EventType "team-tourn"]
[EventRounds "11"]
[EventCountry "AUT"]
[SourceTitle "CBM 193 Extra"]
[Source "ChessBase"]
[SourceDate "2020.01.31"]
[SourceVersion "1"]
[SourceVersionDate "2020.01.31"]
[SourceQuality "1"]
[WhiteTeam "Absam"]
[BlackTeam "Schwarzach"]
[WhiteTeamCountry "AUT"]
[BlackTeamCountry "AUT"]

1. d4 Nf6 2. Nf3 e6 3. Bg5 c5 4. e3 h6 5. Bh4 Be7 6. Nbd2 b6 7. c3 cxd4 8. exd4 0-0 9. Bd3 Ba6 10. Bxa6 Nxa6 11. 0-0 d6 12. a4 Nh5 13. Bxe7 Qxe7 14. Re1 Nf6 15. Qb3 Nc7 16. Nf1 Qd7 17. Ng3 Rab8 18. Qc2 Ncd5 19. Qd2 Qc6 20. h3 a6 21. Nh2 Kh7 22. Qd3+ g6 23. Qxa6 Nf4 24. Qf1 Ra8 25. Ne2 Nxe2+ 26. Qxe2 Rxa4 27. Rxa4 Qxa4 28. Qf3 Kg7 29. Ng4 Nxg4 30. hxg4 Qb5 31. Qe2 Qxe2 32. Rxe2 Ra8 33. f4 Kf6 34. Kf2 Ra1 35. Ke3 d5 36. Rf2 b5 37. Kd2 h5 38. gxh5 gxh5 39. Kc2 Kf5 40. Kb3 Kg4 41. Kb4 Kg3 42. Re2 Rg1 43. Kxb5 Rxg2 44. Re5 Rxb2+ 45. Kc5 Rb3 46. f5 Rxc3+ 47. Kd6 exf5 48. Rxf5 h4 49. Rxf7 h3 50. Kxd5 h2 51. Rh7 Rc1 52. Ke6 h1Q 53. Rxh1 Rxh1 54. d5 Rh6+ 55. Ke7 Kf4 56. d6 Ke5 57. d7 Rh7+ 58. Ke8 Ke6 59. d8N+ Kf6 60. Nc6 Rc7 61. Nd4 Rc4 62. Nb5 Rb4 63. Nc7 Rd4 64. Nb5 Rb4 65. Nc7 Rb7 66. Kd7 Ke5 67. Kc6 Rb1 68. Nb5 Rc1+ 69. Kb6 Kd5 70. Nc7+ 1/2-1/2

[Event "Trieste op 21st"]
[Site "Trieste"]
[Date "2019.09.06"]
[Round "8"]
[White "Libiszewski, Fabien"]
[Black "De Francesco, Klaus"]
[Result "1-0"]
[WhiteElo "2521"]
[BlackElo "2223"]
[PlyCount "59"]
[EventDate "2019.08.31"]
[EventType "swiss"]
[EventRounds "9"]
[EventCountry "ITA"]
[SourceTitle "EXT 2020"]
[Source "ChessBase"]
[SourceDate "2019.10.17"]
[SourceVersion "1"]
[SourceVersionDate "2019.10.17"]
[SourceQuality "1"]

1. e4 e6 2. d4 d5 3. Nd2 Nf6 4. e5 Nfd7 5. f4 c5 6. Ngf3 Nc6 7. Nb3 a5 8. a4 b6 9. Be3 Be7 10. Bb5 Qc7 11. 0-0 0-0 12. c3 Ba6 13. Ng5 Bxg5 14. Bxa6 Be7 15. Be2 f5 16. Kh1 cxd4 17. Nxd4 Nc5 18. Rc1 Qb7 19. Bb5 Nxd4 20. cxd4 Ne4 21. Bc6 Qa6 22. Bxa8 Rxa8 23. g4 Rf8 24. Rg1 Bb4 25. Rc7 g6 26. gxf5 Rxf5 27. Qc2 Rh5 28. Qd1 Rf5 29. Qf1 Qa8 30. Qh3 1-0

[Event "Spilimbergo op 17th"]
[Site "Spilimbergo"]
[Date "2019.08.09"]
[Round "1"]
[White "Keymer, Vincent"]
[Black "De Francesco, Klaus"]
[Result "0-1"]
[WhiteElo "2513"]
[BlackElo "2223"]
[PlyCount "90"]
[EventDate "2019.08.09"]
[EventType "swiss"]
[EventRounds "9"]
[EventCountry "ITA"]
[SourceTitle "CBM 191 Extra"]
[Source "ChessBase"]
[SourceDate "2019.09.30"]
[SourceVersion "1"]
[SourceVersionDate "2019.09.30"]
[SourceQuality "1"]

1. d4 Nf6 2. c4 e6 3. Nf3 b6 4. g3 Bb4+ 5. Nbd2 Bb7 6. Bg2 0-0 7. 0-0 d5 8. Ne5 Nbd7 9. Qa4 Bxd2 10. Bxd2 Nxe5 11. dxe5 Ne4 12. Bf4 Nc5 13. Qc2 dxc4 14. Bxb7 Nxb7 15. Rfd1 Qe7 16. Qxc4 c5 17. Qa4 Rfd8 18. Rxd8+ Qxd8 19. Rd1 Qc8 20. Rd7 a6 21. Bg5 h6 22. Bf6 c4 23. Qd1 gxf6 24. exf6 Nc5 25. Re7 Qc6 26. Qd2 Qe4 27. Qxh6 Qg6 28. Qxg6+ fxg6 29. g4 Rd8 30. g5 Rd7 31. Re8+ Kf7 32. Rh8 e5 33. h4 b5 34. a3 a5 35. Rb8 Rb7 36. Rh8 b4 37. axb4 axb4 38. h5 gxh5 39. Rh7+ Kg6 40. f7 Rxf7 41. Rh6+ Kxg5 42. Rc6 c3 43. bxc3 b3 44. Rxc5 Rb7 45. Rxe5+ Kf6 0-1